| 000 | 00473nam a22001337a 4500 | ||
|---|---|---|---|
| 003 | SGT | ||
| 082 |
_a617.601 _bA18R |
||
| 100 | _aSONIA, RAINA | ||
| 245 | _aASSESSMENT OF THE ORAL HEALTH STATUS AND ORAL HEALTH RELATED QUALITY OF LIFE AMONG ELDERLY DIABETIC AND NON-DIABETIC POPULATION RESIDING IN RURAL AREAS OF GURUGRAM DISTRICT HARYANA | ||
| 260 |
_aDELHI NCR _bSGT UNIVERSITY GURUGRAM _c2018 |
||
| 300 | _a110 | ||
| 650 | _aPUBLIC HEALTH DENTISTRY | ||
| 942 |
_2ddc _cTH |
||
| 999 |
_c17048 _d17048 |
||